| 000 | 00531nam a2200181Ia 4500 | ||
|---|---|---|---|
| 003 | GCL | ||
| 008 | 140319s9999 xx 000 0 eng d | ||
| 040 |
_aGCL / _cGCL |
||
| 082 | 0 | 4 |
_a379.2 _bH M |
| 100 | 1 | _aHUMES, WALTER M. | |
| 245 | 1 | 0 |
_aTHE MANAGEMENT OF EDUCATIONAL POLICY: SCOTTISH PERSPECTIVES / _cHUMES, WALTER M. |
| 700 | 1 | _aMACKENIZE, MALCOM L. | |
| 260 |
_a[S.N] : _bBRITISH EDUCATIONAL MANAGEMENT AND ADMIN ، _c1994 |
||
| 300 | _a192 P | ||
| 650 | 0 | 4 | _aEDUCATION - POLICY |
| 650 | 0 | 4 | _aMANAGEMENT |
| 942 |
_2ddc _cBK |
||
| 999 |
_c23799 _d23799 |
||